The history of Nampeyo (Record no. 45603)

MARC details
000 -LEADER
fixed length control field 00675nam a2200193 a 4500
008 - FIXED-LENGTH DATA ELEMENTS--GENERAL INFORMATION
fixed length control field 091030s1991 ||||||||||||||||| || u
020 ## - INTERNATIONAL STANDARD BOOK NUMBER
International Standard Book Number 9982011537
022 ## - INTERNATIONAL STANDARD SERIAL NUMBER
International Standard Serial Number 9982011537
050 ## - LIBRARY OF CONGRESS CALL NUMBER
Classification number DT 3145.N36 Col
100 ## - MAIN ENTRY--PERSONAL NAME
Personal name Colson, Elizabeth
245 14 - TITLE STATEMENT
Title The history of Nampeyo
260 ## - PUBLICATION, DISTRIBUTION, ETC.
Place of publication, distribution, etc. Lusaka
Name of publisher, distributor, etc. Kenneth Kaunda Foundation
Date of publication, distribution, etc. 1991
300 ## - PHYSICAL DESCRIPTION
Extent viii, 76p.
350 ## - PRICE (NR) (BK AM CF MU VM SE) [OBSOLETE]
Price 75000.00
500 ## - GENERAL NOTE
General note On cover page: Zambia past and present
650 #0 - SUBJECT ADDED ENTRY--TOPICAL TERM
Topical term or geographic name entry element AFRICA--HISTORY
650 ## - SUBJECT ADDED ENTRY--TOPICAL TERM
Topical term or geographic name entry element NAMPEYO (ZAMBIA)--HISTORY
995 ## - RECOMMENDATION 995 [LOCAL, UNIMARC FRANCE]
-- 75000.00
-- CBU-MAIN LIBRARY (Kitwe)
-- 1
-- 75000.00
-- 1
-- AVAILABLE
-- Nov 30, 2009
-- Zambiana Collection
Holdings
Withdrawn status Lost status Source of classification or shelving scheme Damaged status Not for loan Home library Current library Shelving location Date acquired Total Checkouts Full call number Barcode Date last seen Price effective from Koha item type
          CBU-MAIN LIBRARY, KITWE. CBU-MAIN LIBRARY, KITWE.   11/30/2022   DT 3145.N36 Col 740398 11/30/2022 11/30/2022 MONOGRAPH